000 00574nam a2200217Ia 4500
005 20240202095525.0
008 131103s9999 xx 000 0 und d
020 _cRs. 15
040 _aLoreto College
041 _aEnglish
082 _a342.954
_bMUK
100 _aMukharji, P. B.
245 _aConstitution
_b challenge
_cP. B. Mukharji
260 _aCalcutta
_bRupak Publishers
_c1976
300 _aix,86 p.
630 _aIndia - Constitutional Law
650 _aConstitution
651 _aConstitutional and Adminstrative Law
850 _aLCLIB
942 _cBK
999 _c9275
_d59754